MARC details
| 000 -CABECERA |
| campo de control de longitud fija |
02592nam a2200373 i 4500 |
| 003 - IDENTIFICADOR DEL NÚMERO DE CONTROL |
| campo de control |
DO-SdBNP |
| 005 - FECHA Y HORA DE LA ÚLTIMA TRANSACCIÓN |
| campo de control |
20240228135811.0 |
| 007 - CAMPO FIJO DE DESCRIPCIÓN FÍSICA--INFORMACIÓN GENERAL |
| campo de control de longitud fija |
ta |
| 008 - DATOS DE LONGITUD FIJA--INFORMACIÓN GENERAL |
| campo de control de longitud fija |
210721b2020 dr ac||| |||| 00| 0 spa d |
| 020 ## - NÚMERO INTERNACIONAL ESTÁNDAR DEL LIBRO |
| Número Internacional Estándar del Libro |
9789945613681 |
| 040 ## - FUENTE DE LA CATALOGACIÓN |
| Centro catalogador/agencia de origen |
DO-SdBNP |
| Lengua de catalogación |
spa |
| Centro/agencia transcriptor |
BNPHU |
| Normas de descripción |
rda |
| 082 #4 - NÚMERO DE LA CLASIFICACIÓN DECIMAL DEWEY |
| Número de clasificación |
972.9356 |
| Número de documento/Ítem |
B142n |
| Número de edición |
22 |
| 100 1# - ENTRADA PRINCIPAL--NOMBRE DE PERSONA |
| Nombre de persona |
Báez Pérez, Rafael Cucullo |
| 9 (RLIN) |
34714 |
| 245 10 - MENCIÓN DE TÍTULO |
| Título |
Nibaje, Marilópez y la Cruz de Marilópez / |
| Mención de responsabilidad, etc. |
Rafael Cucullo Báez Pérez ; prólogo Ramón Morel Cerda ; edición Aimara Vera Riverón. |
| 264 ## - PRODUCCIÓN, PUBLICACIÓN, DISTRIBUCIÓN, FABRICACIÓN Y COPYRIGHT |
| Producción, publicación, distribución, fabricación y copyright |
Santo Domingo : |
| Nombre del de productor, editor, distribuidor, fabricante |
Archivo General de la Nación, |
| Fecha de producción, publicación, distribución, fabricación o copyright |
2020. |
| 300 ## - DESCRIPCIÓN FÍSICA |
| Extensión |
180 páginas : |
| Otras características físicas |
ilustraciones y retratos ; |
| Dimensiones |
22 cm. |
| 336 ## - TIPO DE CONTENIDO |
| Fuente |
rdacontent |
| Término de tipo de contenido |
texto |
| Código de tipo de contenido |
txt |
| 337 ## - TIPO DE MEDIO |
| Fuente |
rdamedia |
| Nombre/término del tipo de medio |
sin mediación |
| Código del tipo de medio |
n |
| 338 ## - TIPO DE SOPORTE |
| Fuente |
rdacarrier |
| Nombre/término del tipo de soporte |
volumen |
| Código del tipo de soporte |
nc |
| 490 ## - MENCIÓN DE SERIE |
| Mención de serie |
Archivo General de la Nación |
| 490 ## - MENCIÓN DE SERIE |
| Mención de serie |
Cuadernos populares ; |
| Designación de volumen o secuencia |
8 |
| 505 0# - NOTA DE CONTENIDO CON FORMATO |
| Nota de contenido con formato |
Dedicatoria, 9.-- Agradecimientos, 11.-- Prólogo / Ramón Morel Cerda, 13.-- Datos del autor, 19.-- Nibaje, Marilópez y la Cruz de Marilópez. Forjadores de cultura e identidad nacional, 21.-- Nibaje, 21.-- ¿De dónde desciende el nombre de Nibaje?, 22.-- Comienza mi recorrido por ese añejo y querido barrio de Santiago de los Caballeros, 27.-- Marilópez, 82.-- El terremoto de 1946, 106.-- La Cruz de Marilópez, 134.-- Los Jazmines, 141.-- El deporte, 156.-- Los paseos y las giras, 159.-- Bailes hogareños, 167.-- El Carnaval y Día de San Andrés en el barrio, 168.-- Intercambio alimentario de Viernes Santo, 170.-- Los apodos en la avenida, 170.-- El humor y los humoristas, 171.-- Personajes pintorescos, 171.-- Travesuras infantiles, 172.-- Modernidad del transporte, 172.-- La migración, 173.-- Los cuentos del barrio, 174.-- La nueva generación, 175.-- Modernización vial, 176.-- Una acotación necesaria, 177. |
| 590 ## - NOTA LOCAL (RLIN) |
| Nota local |
Inventariado, 2021 /LP<br/><br/> |
| 651 #4 - PUNTO DE ACCESO ADICIONAL DE MATERIA--NOMBRE GEOGRÁFICO |
| Nombre geográfico |
Santiago de los Caballeros (República Dominicana) |
| Subdivisión general |
Vida social y costumbres |
| 9 (RLIN) |
81039 |
| 651 #4 - PUNTO DE ACCESO ADICIONAL DE MATERIA--NOMBRE GEOGRÁFICO |
| Nombre geográfico |
Santiago de los Caballeros (República Dominicana) |
| Subdivisión general |
Historia local |
| 9 (RLIN) |
81040 |
| 651 #4 - PUNTO DE ACCESO ADICIONAL DE MATERIA--NOMBRE GEOGRÁFICO |
| Nombre geográfico |
Nibaje (Santiago de los Caballeros, República Dominicana) |
| Subdivisión general |
Historia local |
| 9 (RLIN) |
81041 |
| 651 #4 - PUNTO DE ACCESO ADICIONAL DE MATERIA--NOMBRE GEOGRÁFICO |
| Nombre geográfico |
Marilopez (Santiago de los caballeros, República Dominicana) |
| Subdivisión general |
Historia local |
| 9 (RLIN) |
81042 |
| 651 #4 - PUNTO DE ACCESO ADICIONAL DE MATERIA--NOMBRE GEOGRÁFICO |
| Nombre geográfico |
Cruz de Marilópez (Santiago de los Caballeros, República Dominicana) |
| Subdivisión general |
Historia local |
| 9 (RLIN) |
81043 |
| 700 1# - PUNTO DE ACCESO ADICIONAL--NOMBRE DE PERSONA |
| Nombre de persona |
Morel Cerda, Ramón, |
| Término indicativo de función/relación |
prólogo |
| 9 (RLIN) |
79330 |
| 700 1# - PUNTO DE ACCESO ADICIONAL--NOMBRE DE PERSONA |
| Nombre de persona |
Vera Riverón, Aimara, |
| Término indicativo de función/relación |
edición |
| 9 (RLIN) |
77931 |
| 830 #0 - PUNTO DE ACCESO ADICIONAL DE SERIE-TÍTULO UNIFORME |
| Título uniforme |
Archivo General de la Nación ; |
| Nombre de parte o sección de la obra |
Cuadernos populares |
| Número de parte o sección de la obra |
8 |
| 9 (RLIN) |
79328 |
| 910 ## - DATOS DE OPCIÓN DEL USUARIO (OCLC) |
| Datos de opción del usuario |
Validado. Control de calidad MFF |
| 942 ## - ELEMENTOS DE PUNTO DE ACCESO ADICIONAL (KOHA) |
| Fuente del sistema de clasificación o colocación |
Dewey Decimal Classification |
| Tipo de ítem Koha |
Libro |